| 000 | 01151nam a2200277 a 4500 | ||
|---|---|---|---|
| 001 | 000029990 | ||
| 003 | DO-SdBNP | ||
| 005 | 20250630104810.0 | ||
| 007 | ta | ||
| 008 | 110428s194u dr a r 000 0 spa d | ||
| 040 |
_aDO-SdBNP _bspa _cBNPHU |
||
| 041 | _hspa | ||
| 082 | 4 |
_a320.97293053 _bR426d _222 |
|
| 110 | 1 |
_a Ciudad Trujillo. _b Universidad de Santo Domingo. _bGuardia Universitaria "Presidente Trujillo." _956717 |
|
| 240 | _aCuatro discursos : proclamación del partido trujillista por la guardia universitaria, en la noche de noviembre de 1940 | ||
| 245 | 1 | 0 |
_a4 discursos : _bproclamación del partido trujillista por la guardia universitaria, en la noche del 14 de noviembre de 1940 |
| 260 |
_aCiudad Trujillo, República Dominicana, : _bLa opinión, _c[194-?]. |
||
| 300 |
_a33 p. : _bil ; _c23 cm. |
||
| 490 | 1 |
_aPartido Trujillista _v1 |
|
| 500 | _aPublicaciones del partido trujillista | ||
| 590 | _aInventariado, 2018/ YL | ||
| 651 | 0 |
_aREPÚBLICA DOMINICANA _xHISTORIA _yERA DE TRUJILLO, 1930-1961 _xNOVELA _921999 |
|
| 830 | 0 |
_aPartido Trujillista _n1 _956718 |
|
| 910 | _aValidado. Control de calidad MAA | ||
| 942 |
_2ddc _cLF2 |
||
| 999 |
_c29482 _d29482 |
||